000 00297nam a2200121Ia 4500
008 231129s9999||||xx |||||||||||||| ||spa||
040 _bspa
082 _a923.9 C719F
100 _aFernández Armesto Felipe
245 0 _aCristóbal Colón
264 _a[s.l.] : Ediciones Folio
942 _2ddc
_cBKS
999 _c8243
_d8243